000 01251nam a2200217Ia 4500
003 OSt
005 20251226073222.0
008 160316s2013 xxu||||| |||| 00| 0 eng d
040 _cn
082 _a346.004000
_bPRA
100 _aPrakash, Setlur B N
245 _aInsight to preventive and protective remedies :
_bembracing, injunctions, attachment orders, receivers and writs /
_cSetlur B N Prakash
260 _aBengaluru :
_bLawyers Law Book,
_c2013.
300 _a472 p.
365 _bRs. 475
505 _aContent: Chapter I Introduction Part I Equity; Part II Injunction; Chapter II Temporary Injunction; Part I General Principles; Chapter III Temporary Injunctions; Part II Specific Instances; Chapter IV Perpetual Injunction; Chapter V Mandatory Injunction; Chapter VI Mareva Injunctions, A Freezing Order; Chapter VII Quia Timet; Chapter VIII Anton Piller Action; Chapter IX Writ "Ne Exeat Regno" Arrest Before Judgement Indian Counterpart; Chapter X custodia lEGIS; Chapter XI Receivership - Outside the Court; Chapter XII Writs and Constitutional Remedies; Subject Index; Bibliography
650 _aEquitable Remedies - Equity
650 _aInjunctions - Receivers - Writs
700 _a
_a
942 _2ddc
_cBK
999 _c41738
_d41738